000 00712nam a2200205 a 4500
003 MX-MxUPN
005 20240628125027.0
008 991125s1924 mx 000 0 spa u
035 _aUPN01000026925
040 _aMX-MxUPN
_bspa
_cMX-MxUPN
050 4 _aLB1582 M6
_bR4.4a 1924
100 1 _aRébsamen, Enrique C.,
_d1857-1904
_928503
245 1 0 _aGuía metodológica para la enseñanza de la historia en las escuelas primarias elementales y superiores de la República Mexicana
260 _aMéxico :
_bSELFA,
_c1924
300 _a125 páginas
650 4 _aHistoria
_xEstudio y enseñanza
_96447
650 4 _aHistoria
_xEstudio y enseñanza (Elemental)
_92803
904 _aAC
_b026926
942 _2lcc
_cLIBRO
999 _c26925
_d26925